LEADER 01567nas 2200445-a 450 001 9910446851503321 005 20230627152444.0 011 $a2165-1442 035 $a(OCoLC)768772606 035 $a(CKB)2550000000072473 035 $a(CONSER)--2011273634 035 $a(EXLCZ)992550000000072473 100 $a20111219a20129999 --- a 101 0 $aeng 135 $aur||||||||||| 181 $ctxt$2rdacontent 182 $cc$2rdamedia 183 $acr$2rdacarrier 200 10$aCareer development and transition for exceptional individuals 210 $aThousand Oaks, CA $cSage Publications$d©2012- 300 $aRefereed/Peer-reviewed 311 $a2165-1434 606 $aExceptional children$xVocational education$zUnited States$vPeriodicals 606 $aExceptional children$xVocational education$2fast$3(OCoLC)fst00917631 606 $aInfants inadaptats$vRevistes$2lemac 606 $aEducació especial$vRevistes$2lemac 607 $aUnited States$2fast 608 $aPeriodicals.$2fast 608 $aPeriodicals.$2lcgft 615 0$aExceptional children$xVocational education 615 7$aExceptional children$xVocational education. 615 7$aInfants inadaptats 615 7$aEducació especial 676 $a370 712 02$aHammill Institute on Disabilities, 712 02$aCouncil for Exceptional Children.$bDivision on Career Development and Transition, 906 $aJOURNAL 912 $a9910446851503321 996 $aCareer development and transition for exceptional individuals$92004866 997 $aUNINA LEADER 01530nam 2200397Ia 450 001 9910698032103321 005 20090220152843.0 035 $a(CKB)5470000002394684 035 $a(OCoLC)310122383 035 $a(EXLCZ)995470000002394684 100 $a20090220d2008 ua 0 101 0 $aeng 135 $aurmn||||||||| 181 $ctxt$2rdacontent 182 $cc$2rdamedia 183 $acr$2rdacarrier 200 12$aA comparison of soldier performance in a moving command vehicle under manned, teleoperated, and semi-autonomous robotic mine detector system control modes$b[electronic resource] /$fDavid R. Scribner, David Dahn 210 1$aAberdeen Proving Ground, MD :$cArmy Research Laboratory,$d[2008] 215 $avi, 44 pages $cdigital, PDF file 225 1 $aARL-TR ;$v4609 300 $aTitle from title screen (viewed Feb. 20, 2009). 300 $a"September 2008." 320 $aIncludes bibliographical references (pages 19-21). 606 $aMines (Military explosives)$xDetection 606 $aRobotics 615 0$aMines (Military explosives)$xDetection. 615 0$aRobotics. 700 $aScribner$b David R$01402203 701 $aDahn$b David$01402204 712 02$aU.S. Army Research Laboratory. 801 0$bGPO 801 1$bGPO 906 $aBOOK 912 $a9910698032103321 996 $aA comparison of soldier performance in a moving command vehicle under manned, teleoperated, and semi-autonomous robotic mine detector system control modes$93472227 997 $aUNINA